000 00306nam a22001217a 4500
008 180605b xxu||||| |||| 00| 0 eng d
041 _aeng
080 _a043.3
100 _a0
101 _aSHKI-MA
245 _aImplementimi i IP telefonise ne ndermarrje te vogla dhe te mesme
_cSopa, G
942 _2udc
_cBK
999 _c46319
_d46319